Hazbin Hotel - Hear My Hope Pt.2 - Statistics

General Stats
  • This quiz has been taken 12 times
  • The average score is 69 of 86
Answer Stats
Hint Answer % Correct
ECHNVACBCZMZPHRAVV: A
100%
fuck
100%
fuck
100%
I
100%
it,
100%
it
100%
ECHNVACBCZMZPHRA+Velvette, Valentino: It
100%
it!
100%
it
100%
my
100%
no
100%
Velvette & Valentino: Not
100%
the
100%
the
100%
ECHNVACBCZMZPHRA: The
100%
the
100%
we
100%
we
100%
ECHNVACBCZMZPHRA: We
100%
we
100%
what?!
100%
what
100%
Vox: What
100%
what
100%
your
100%
hand!
90%
hear
90%
ECHNVACBCZMZPHRAVV: Hear
90%
hope!
90%
is
90%
Vox: Stop
90%
Vox: Stop
90%
take
90%
this
90%
this!
90%
Velvette & Valentino: We'll
90%
ECHNVACBCZMZPHRA: We'll
90%
about
80%
end,
80%
happening
80%
hate
80%
how
80%
if
80%
Velvette & Valentino: If
80%
live
80%
live!
80%
matter
80%
Velvette: Oh
80%
ruining
80%
song
80%
story
80%
takes
80%
'til
80%
to
80%
Vox: Wait,
80%
years
80%
ECHNVACBCZMZPHRA: And
70%
any
70%
are
70%
crescendo
70%
everything!
70%
from
70%
ECHNVACBCZMZPHRA: In
70%
just
70%
many
70%
note
70%
now,
70%
now
70%
one
70%
our
70%
planned!
70%
right
70%
strong
70%
with
70%
Vox: You're
70%
began
60%
change
60%
harmony
60%
perfect
60%
together
60%
wonder
50%
c'mon
40%
learned
40%
ECHNVACBCZMZPHRA: Fell
20%
Vox: Nononononono
20%
desteny
0%
No matching quizzes found
Score Distribution
Percent of People with Each Score
Percentile by Number Answered
Your Score History
You have not taken this quiz